[Event "It (open)"]
[Site "St. Veit (Austria)"]
[Date "2004.07.17"]
[Round "8"]
[White "Eichhorn Alfred (AUT)"]
[Black "Posch Werner (AUT)"]
[Result "0-1"]
[WhiteElo "2078"]
[BlackElo "2170"]

1.c4 e5 2.Nc3 Nc6 3.g3 g6 4.Bg2 Bg7 5.d3 d6 6.e4 f5 7.Nge2 Nh6 8.h4 Nf7 9.exf5
Bxf5 10.Nd5 h6 11.Ne3 Qd7 12.Nxf5 gxf5 13.Nc3 Rb8 14.Be3 a6 15.a3 Ne7 16.O-O
c6 17.Rc1 Qe6 18.b4 Qg6 19.Kh2 Bf6 20.Rg1 Rd8 21.Ne2 Bg5 22.f4 Bf6 23.b5 h5
24.bxa6 Nh6 25.Bb6 Ng4+ 26.Kh1 bxa6 27.Qa4 Rc8 28.Rcf1 Bxh4 29.gxh4 Qf6 30.Rf3
Kf7 31.fxe5 dxe5 32.Bc5 Qxh4+ 33.Rh3 Qf6 34.Rf1 Ng6 35.Ng3 Nf4 36.Rxf4 exf4
37.Nxh5 Qa1+ 38.Bg1 Nf2+ 39.Kh2 {#R} 0-1

[Event "It (open)"]
[Site "Agios Kirykos (Greece)"]
[Date "2004.07.19"]
[Round "8"]
[White "Korres Georg (GRE)"]
[Black "Koukoufikis Alexandros (GRE)"]
[Result "0-1"]
[WhiteElo "2139"]
[BlackElo "2220"]

1.c4 e5 2.Nc3 Nc6 3.g3 g6 4.Bg2 Bg7 5.d3 d6 6.e3 Be6 7.Nge2 Qd7 8.Rb1 Bh3
9.O-O h5 10.f3 Bxg2 11.Kxg2 h4 12.g4 h3+ 13.Kh1 f5 14.gxf5 gxf5 15.Nd5 Nce7
16.Nxe7 Nxe7 17.b4 O-O-O 18.Bb2 Rdg8 19.Qc2 Bh6 20.e4 Be3 21.Bc1 Bxc1 22.Rbxc1
Rg2 23.Rg1 Rhg8 24.Rxg2 hxg2+ 25.Kg1 f4 26.c5 d5 27.Nc3 Qh3 28.Nxd5 Nxd5
29.exd5 Qxf3 30.Re1 Qxd5 31.Qc4 Qxc4 32.dxc4 f3 33.Kf2 e4 34.Rb1 Rh8 35.Kg3
Rf8 36.Kf2 e3+ {#R} 0-1

[Event "It (open)"]
[Site "Ortigueira (Spain)"]
[Date "2004.08.04"]
[Round "1"]
[White "Paunovic Dragan (SRB)"]
[Black "Fernando Gros Jorge (ESP)"]
[Result "1-0"]
[WhiteElo "2520"]
[BlackElo "2070"]

1.c4 e5 2.g3 g6 3.Bg2 Bg7 4.Nc3 Nc6 5.d3 d6 6.Nf3 f5 7.O-O Nf6 8.Rb1 a5 9.a3
h6 10.b4 axb4 11.axb4 O-O 12.b5 Ne7 13.Bb2 Be6 14.Ra1 Rxa1 15.Qxa1 g5 16.Qa7
b6 17.Ra1 g4 18.Nd2 f4 19.Qa8 Qd7 20.Qb7 Ne8 21.Nd5 Nf5 22.Ra7 Qf7 23.Ne4 f3
24.exf3 gxf3 25.Bf1 Bxd5 26.Qxd5 Qxd5 27.cxd5 Kh8 28.Bh3 Ne7 29.Be6 Kh7 30.h4
Ng8 31.Kh2 Ngf6 32.g4 Kh8 33.Kg3 h5 34.g5 Ng8 35.Bxg8 Kxg8 36.Bc1 Kh8 37.Be3
{#r} 1-0

[Event "It (open)"]
[Site "Bratto (Italy)"]
[Date "2004.08.25"]
[Round "6"]
[White "Bonazzi Edoardo (ITA)"]
[Black "Magrini Riccardo (ITA)"]
[Result "1-0"]
[WhiteElo "2127"]
[BlackElo "2229"]

1.c4 e5 2.g3 g6 3.Bg2 Bg7 4.Nc3 Nc6 5.d3 d6 6.Nf3 h6 7.O-O Be6 8.Rb1 Qd7 9.Re1
Nge7 10.b4 O-O 11.b5 Nd8 12.Qb3 Kh7 13.a4 Rb8 14.Ba3 b6 15.a5 Nb7 16.axb6 axb6
17.Nd2 f5 18.Ra1 Na5 19.Qc2 e4 20.Bb4 Nb7 21.dxe4 f4 22.Ra7 Bh3 23.Bh1 Bd4
24.Nf3 Bc5 25.Bxc5 Nxc5 26.Nd4 Rf7 27.Nd5 Nxd5 28.exd5 fxg3 29.hxg3 Rbf8
30.Nf3 Qg4 31.Bg2 Bxg2 32.Kxg2 Ne4 33.Ra3 Kg8 34.Rh1 Kg7 35.Rh4 {#r} 1-0

[Event "It (open)"]
[Site "Bad Wildbad (Germany)"]
[Date "2004.11.02"]
[Round "4"]
[White "Strohhaeker Raoul (GER)"]
[Black "Leibbrand Udo-Manfred (GER)"]
[Result "0-1"]
[WhiteElo "2163"]
[BlackElo "2125"]

1.c4 e5 2.Nc3 Nc6 3.g3 g6 4.Bg2 Bg7 5.d3 d6 6.Rb1 a5 7.a3 Be6 8.b4 axb4 9.axb4
Rb8 10.e3 Nf6 11.Nge2 Ne7 12.O-O Qd7 13.f4 Bh3 14.Qa4 Qxa4 15.Nxa4 Bxg2
16.Kxg2 e4 17.d4 b5 18.cxb5 Rxb5 19.Nec3 Rb7 20.b5 Kd7 21.h3 h5 22.Ba3 Ned5
23.Kf2 Ra8 24.Rb3 Rba7 25.Ra1 Rxa4 26.Nxa4 Rxa4 27.Rab1 Nb6 28.Bb4 Nfd5 29.g4
hxg4 30.hxg4 Ra2+ 31.R1b2 Rxb2+ 32.Rxb2 Nxf4 {#R} 0-1

[Event "Cup Russia (w) (final)"]
[Site "Voronezh (Russia)"]
[Date "2004.11.14"]
[Round "2"]
[White "Dushenok Anna (RUS)"]
[Black "Semenova Irina (RUS)"]
[Result "1-0"]
[WhiteElo "2238"]
[BlackElo "2287"]

1.c4 g6 2.g3 Bg7 3.Bg2 e5 4.d3 Nc6 5.Nc3 d6 6.Rb1 a5 7.a3 f5 8.e3 Nf6 9.Nge2
O-O 10.O-O Kh8 11.b4 axb4 12.axb4 Ne7 13.Bb2 c6 14.Qc2 g5 15.f4 gxf4 16.gxf4
Ng6 17.Kh1 Ng4 18.Rf3 Nh4 19.Rg3 Rg8 20.Nd1 Bf6 21.c5 Be6 22.Bh3 h5 23.cxd6
Qxd6 24.Bxg4 hxg4 25.fxe5 Bxe5 26.Nf4 Kh7 27.Bxe5 Qxe5 28.Nc3 Ra3 29.Nce2 Bf7
30.Qc5 Qf6 31.b5 cxb5 32.Qxa3 {#r} 1-0

[Event "Ch Germany (juniors) (under 20) (team) (g)"]
[Site "Cologne (Germany)"]
[Date "2004.12.27"]
[Round "2"]
[White "Rath Alina (GER)"]
[Black "Stemmler Lysan (GER)"]
[Result "1-0"]
[WhiteElo "1973"]
[BlackElo "1834"]

1.c4 e5 2.Nc3 Nc6 3.g3 d6 4.Bg2 g6 5.d3 Bg7 6.e4 f5 7.f4 Nf6 8.Nge2 O-O 9.O-O
Be6 10.Rb1 Qd7 11.b3 h6 12.Nd5 Ne7 13.Bb2 Ng4 14.Qd2 Rae8 15.h3 Nf6 16.fxe5
dxe5 17.Bxe5 Nxe4 18.dxe4 Bxe5 19.Qxh6 Bxd5 20.exd5 Rf7 21.Qd2 Rh7 22.Rbe1 Qd6
23.Qe3 Qf6 24.Kh1 g5 25.Nc1 Ng6 26.g4 Nf4 27.Nd3 fxg4 28.Nxe5 gxh3 29.Bf3 Rhe7
30.Ng4 Qd6 31.Qc3 Nh5 32.Rxe7 Rxe7 33.Rf2 Ng3+ 34.Kg1 h2+ 35.Rxh2 Ne2+ 36.Bxe2
{#r} 1-0

[Event "It (open)"]
[Site "Krakow (Poland)"]
[Date "2004.12.30"]
[Round "4"]
[White "Nikolaev Leonid (UKR)"]
[Black "Cyborowski Lukasz (POL)"]
[Result "0-1"]
[WhiteElo "2301"]
[BlackElo "2564"]

1.c4 e5 2.g3 g6 3.Bg2 Bg7 4.Nc3 Nc6 5.d3 d6 6.Rb1 a5 7.a3 Nf6 8.Bg5 h6 9.Bxf6
Bxf6 10.Nf3 Bg7 11.O-O O-O 12.Nd2 Re8 13.Nd5 Ne7 14.b4 axb4 15.axb4 c6
16.Nxe7+ Rxe7 17.Qb3 Be6 18.b5 d5 19.cxd5 cxd5 20.Rfc1 Rd7 21.Nf1 h5 22.b6 h4
23.Rc7 h3 24.Bh1 e4 25.Rbc1 Be5 26.R7c2 exd3 27.exd3 Bd4 28.Rc7 Qf6 29.Qc2
Bxb6 30.Rxd7 Bxd7 31.Qd2 Be6 32.Ne3 Qd4 33.Rb1 Ra3 34.Qe2 Bc5 35.Rxb7 Qxd3
36.Rb8+ Kg7 37.Nf5+ Qxf5 {#R} 0-1

[Event "Bundesliga B East 2004/05"]
[Site "Austria"]
[Date "2005.01.30"]
[Round "6"]
[White "Wolfram Bernd (AUT)"]
[Black "Schumi Manfred (AUT)"]
[Result "1-0"]
[WhiteElo "2202"]
[BlackElo "2202"]

1.c4 g6 2.g3 Bg7 3.Bg2 d6 4.Nc3 e5 5.d3 Nc6 6.e3 f5 7.Nge2 Nf6 8.Qa4 Bd7 9.b4
e4 10.dxe4 Nxe4 11.Qb3 Ne5 12.Nxe4 fxe4 13.Bxe4 Qf6 14.Bb2 O-O 15.f4 Bg4
16.Rb1 c6 17.h3 Nf3+ 18.Bxf3 Qf5 19.e4 {#r} 1-0

[Event "Ch Bulgaria (1/2 final) (w)"]
[Site "Vratsa (Bulgaria)"]
[Round "3"]
[White "Videnova Iva (BUL)"]
[Black "Stefanova Milena (BUL)"]
[Result "0-1"]
[WhiteElo "2046"]
[BlackElo "2019"]

1.c4 e5 2.Nc3 Nc6 3.g3 g6 4.Bg2 Bg7 5.d3 d6 6.e3 Nge7 7.Nge2 h5 8.h4 Bg4 9.Qd2
O-O 10.Rb1 a6 11.b4 Rb8 12.a4 b5 13.axb5 axb5 14.cxb5 Na7 15.O-O Nxb5 16.Bb2
Qd7 17.Kh2 d5 18.f3 Be6 19.Na4 Qd6 20.Nc5 Bc8 21.f4 Nf5 22.e4 dxe4 23.Nxe4 Qe7
24.fxe5 Bxe5 25.Nf4 Nbd4 26.Bxd4 Bxd4 27.Nd5 Qd8 28.Qf4 Rb5 29.Ndc3 Be3 30.Qf3
Re5 31.Bh3 Qxd3 32.Rbe1 Ba6 33.Nf6+ Kg7 34.Nce4 Qc2+ 35.Kh1 Bxf1 36.Rxf1 Ra8
37.Nxh5+ gxh5 38.Bxf5 Ra2 39.Nf2 Qxf5 {#R} 0-1

[Event "Bayern Oberliga 2004/05"]
[Site "Bayern (Germany)"]
[Date "2005.03.13"]
[Round "8"]
[White "Strube Frank (GER)"]
[Black "Vogel Robert (GER)"]
[Result "1-0"]
[WhiteElo "2223"]
[BlackElo "2274"]

1.c4 e5 2.g3 Nc6 3.Bg2 g6 4.Nc3 Bg7 5.d3 d6 6.e4 Nge7 7.Nge2 Be6 8.Nd5 O-O
9.O-O f5 10.Be3 Qd7 11.Rc1 Rf7 12.Nxe7+ Nxe7 13.Qd2 Re8 14.b4 Nc6 15.b5 Nd4
16.Bxd4 exd4 17.exf5 Bxf5 18.Bxb7 Bh6 19.f4 Rfe7 20.Rce1 Bh3 21.Bc6 Qg4
22.Bxe8 Bxf1 23.Kxf1 Qf3+ 24.Kg1 Rxe8 25.Nxd4 Rxe1+ 26.Qxe1 Qxd3 27.Qe6+ Kg7
28.Qd5 Qb1+ 29.Kg2 Qxa2+ 30.Kh3 Qf2 31.Ne6+ Kf6 32.Nxc7 Bf8 33.Qe6+ Kg7
34.Ne8+ Kh6 35.Qf6 {#r} 1-0

[Event "Ch Hessen (b)"]
[Site "Offenbach (Germany)"]
[Date "2005.03.29"]
[Round "3"]
[White "Stolz Stephan (GER)"]
[Black "Rasch Holger (GER)"]
[Result "0-1"]
[WhiteElo "2146"]
[BlackElo "2261"]

1.c4 e5 2.Nc3 Nc6 3.g3 g6 4.Bg2 Bg7 5.d3 d6 6.Nf3 h6 7.O-O f5 8.Rb1 Be6 9.Bd2
Nge7 10.Ne1 O-O 11.b4 Qd7 12.b5 Nd8 13.f4 exf4 14.gxf4 Kh7 15.Qb3 c6 16.bxc6
bxc6 17.Nc2 d5 18.cxd5 cxd5 19.Qa3 Rc8 20.Rfc1 Re8 21.Nb5 Nf7 22.Be3 Nc6
23.Ncd4 Bf8 24.Qa6 Nfd8 25.Nxc6 Nxc6 26.Nxa7 Nb4 27.Qa5 d4 28.Nxc8 Rxc8
29.Rxc8 Qxc8 30.Bxd4 Qc2 31.Rxb4 Qc1+ 32.Kf2 Qxf4+ 33.Kg1 Qc1+ 34.Bf1 Qg5+
35.Kh1 Bxb4 36.Qxb4 Bd5+ 37.e4 fxe4 38.Qd6 exd3+ {#R} 0-1

[Event "Ch France (juniors)"]
[Site "Calvi (France)"]
[Round "1"]
[White "Koenig Marina (FRA)"]
[Black "Congiu Mathilde (FRA)"]
[Result "0-1"]
[WhiteElo "1509"]
[BlackElo "2084"]

1.c4 e5 2.Nc3 Nc6 3.g3 g6 4.Bg2 Bg7 5.d3 d6 6.Nf3 h6 7.O-O Be6 8.Rb1 f5 9.e4
Qd7 10.Re1 Nf6 11.a3 O-O 12.b4 fxe4 13.Nxe4 Nxe4 14.Rxe4 Bf5 15.Re3 Bg4 16.Qc2
Rf6 17.Nd2 Nd4 18.Qa2 Raf8 19.Ne4 R6f7 20.Rb2 Bh3 21.Re1 Qg4 22.f3 Nxf3+
23.Bxf3 Rxf3 24.Rf2 Kh8 25.Qc2 c6 26.Ree2 d5 27.Nd2 Rxg3+ 28.hxg3 Qxg3+ 29.Rg2
Bxg2 30.Rxg2 Qe1+ 31.Kh2 Rf5 32.Rxg6 Qf2+ 33.Kh3 Rh5+ 34.Kg4 Rh4# 0-1

[Event "Ch England (team) 2004/05"]
[Site "England"]
[Date "2005.05.01"]
[Round "10"]
[White "Sowray Peter J (ENG)"]
[Black "Yeo Michael J (ENG)"]
[Result "1-0"]
[WhiteElo "2352"]
[BlackElo "2200"]

1.c4 e5 2.Nc3 Nc6 3.g3 g6 4.Bg2 Bg7 5.d3 d6 6.Nf3 f5 7.O-O Nf6 8.Rb1 O-O 9.b4
h6 10.b5 Ne7 11.a4 Be6 12.a5 Rc8 13.Bb2 g5 14.Nd2 b6 15.axb6 axb6 16.Ra1 Qd7
17.Ra7 Rf7 18.Qa4 f4 19.Qa6 Bh3 20.Qb7 Bxg2 21.Kxg2 Qe6 22.Nde4 Nxe4 23.Qxe4
g4 24.f3 Nf5 25.Nd5 c6 26.Rxf7 cxd5 27.Qxf5 {#r} 1-0

[Event "Ch Germany (juniors) (under 18) (g)"]
[Site "Willingen (Germany)"]
[Date "2005.05.19"]
[Round "8"]
[White "Romakin Helene (GER)"]
[Black "Schulze Dorothee (GER)"]
[Result "1-0"]
[WhiteElo "2041"]
[BlackElo "1965"]

1.c4 e5 2.d3 g6 3.g3 Nc6 4.Bg2 Bg7 5.Nc3 d6 6.e3 Nge7 7.Nge2 f5 8.O-O O-O
9.Rb1 Be6 10.Nd5 Rb8 11.Nec3 a6 12.a4 Qd7 13.Bd2 Kh8 14.b4 Bxd5 15.Nxd5 Nxd5
16.cxd5 Ne7 17.b5 axb5 18.axb5 c6 19.bxc6 bxc6 20.Rxb8 Rxb8 21.Qa4 Rc8 22.Rc1
Qe8 23.dxc6 d5 24.Qa6 e4 25.dxe4 dxe4 26.c7 Be5 27.Qe6 Bb2 28.Bc3+ Bxc3
29.Rxc3 Kg7 30.Bf1 {#r} 1-0

[Event "Cup Mitropa (w)"]
[Site "Steinbrunn (Austria)"]
[Date "2005.05.25"]
[Round "5"]
[White "Franciskovic Borka (CRO)"]
[Black "Blazkova Petra (CZE)"]
[Result "0-1"]
[WhiteElo "2162"]
[BlackElo "2271"]

1.c4 e5 2.g3 Nc6 3.Bg2 g6 4.Nc3 Bg7 5.d3 d6 6.Rb1 f5 7.Nf3 Nf6 8.O-O h6 9.b4
g5 10.b5 Ne7 11.Nd2 O-O 12.a4 Qe8 13.Ba3 f4 14.c5 Nf5 15.Nd5 Nxd5 16.Bxd5+ Kh8
17.cxd6 cxd6 18.Rc1 fxg3 19.hxg3 Nd4 20.Nb3 Be6 21.Bxe6 Qxe6 22.Nxd4 exd4
23.Rc7 Be5 24.Bb2 Qh3 25.Rc4 Rf4 26.e3 Rh4 {#R} 0-1

[Event "It (open)"]
[Site "Bajada de la Virgen (Spain)"]
[Date "2005.06.16"]
[Round "6"]
[White "Miezis Normunds (LAT)"]
[Black "Toth Aleksandar (SRB)"]
[Result "1-0"]
[WhiteElo "2470"]
[BlackElo "2295"]

1.c4 e5 2.Nc3 Nc6 3.g3 g6 4.Bg2 Bg7 5.d3 d6 6.e4 Nge7 7.Nge2 Be6 8.Nd5 h6
9.Be3 Nd4 10.Nxd4 exd4 11.Bd2 c6 12.Nf4 Bd7 13.h4 h5 14.Qb3 Qc7 15.Qa3 b6
16.b4 O-O 17.c5 dxc5 18.bxc5 b5 19.Ba5 Qb7 20.Qb2 Rae8 21.O-O Qa6 22.Bd2 Qb7
23.Rfe1 Bc8 24.a4 a6 25.Ne2 Bg4 26.f3 Be6 27.Nf4 Nc8 28.axb5 axb5 {#r} 1-0

[Event "Ch Europe (w)"]
[Site "Chisinau (Moldova)"]
[Date "2005.06.22"]
[Round "11"]
[White "Iurascu Mihaela (MDA)"]
[Black "Apanaviciute Kristina (LTU)"]
[Result "0-1"]
[WhiteElo "1906"]
[BlackElo "1991"]

1.c4 e5 2.Nc3 Nc6 3.g3 g6 4.Bg2 Bg7 5.d3 d6 6.e4 Nf6 7.Nge2 O-O 8.O-O h6 9.Nd5
Kh7 10.h3 Ne7 11.d4 Nfxd5 12.cxd5 f5 13.dxe5 dxe5 14.f3 Bd7 15.Nc3 a5 16.b3 b5
17.Qd3 b4 18.Nb1 Bc8 19.Nd2 Ba6 20.Nc4 Nc6 21.Bb2 Nd4 22.Bxd4 exd4 23.Rae1 f4
24.g4 Bb5 25.Rf2 Ra6 26.Rd2 Re8 27.Rdd1 Qa8 28.h4 Qd8 29.h5 gxh5 30.e5+ Kh8
31.Qxd4 Bxc4 32.bxc4 Qg5 33.gxh5 Qxh5 34.Qc5 Bxe5 35.Qb5 Rb6 36.Qc5 Rg8 37.Re2
Rbg6 38.Rf1 Rg3 39.Qe7 Bd4+ {#R} 0-1

[Event "Tournament \"]
[Site "Internet"]
[Date "2005.06.25"]
[Round "4"]
[White "Dovramadjiev Tihomir (BUL)"]
[Black "Bykhovsky Anatoly (ISR)"]
[Result "0-1"]
[WhiteElo "2342"]
[BlackElo "2374"]

1.c4 e5 2.g3 Nc6 3.Bg2 g6 4.Nc3 Bg7 5.d3 d6 6.e3 Nf6 7.Nge2 O-O 8.Rb1 a5 9.a3
Be6 10.Nd5 Ne8 11.b4 axb4 12.axb4 Qd7 13.O-O Bh3 14.b5 Nd8 15.Bb2 Bxg2 16.Kxg2
f5 17.Ra1 Rxa1 18.Qxa1 c6 19.Nb6 Qc7 20.Qa7 cxb5 21.Nd5 Qf7 22.Ba3 e4 23.Rd1
exd3 24.Rxd3 bxc4 25.Rd1 Nc6 26.Qa4 Ne5 27.f4 Ng4 28.h3 Nef6 29.Nec3 Nxd5
30.Nxd5 Nf6 31.Qxc4 Nxd5 32.Rxd5 Ra8 33.Bxd6 Rd8 34.e4 fxe4 35.f5 gxf5 {#R}
0-1

[Event "Tournament (juniors) (under 16) (g)"]
[Site "Ermionh Argolidas (Greece)"]
[Date "2005.07.02"]
[Round "9"]
[White "Elmaloglou Marianthi (GRE)"]
[Black "Ikonomopoulou Maria (GRE)"]
[Result "0-1"]
[WhiteElo "1784"]
[BlackElo "2006"]

1.c4 e5 2.Nc3 Nc6 3.g3 g6 4.Bg2 Bg7 5.d3 d6 6.e3 h5 7.Nge2 h4 8.O-O Be6 9.f3
hxg3 10.hxg3 Nf6 11.Kf2 Qd7 12.Rh1 Ke7 13.Bd2 Rxh1 14.Qxh1 Rh8 15.Qg1 e4
16.Nxe4 Nxe4+ 17.fxe4 g5 18.Rb1 Ne5 19.d4 Nd3+ 20.Kf1 Bxc4 21.b3 Ba6 22.Nc3
Qg4 23.Be1 Rh6 24.Nd5+ Kf8 25.a4 Nc1+ {#R} 0-1

[Event "Ch Ireland"]
[Site "Dublin (Ireland)"]
[Date "2005.07.15"]
[Round "7"]
[White "Daly Colm (FID)"]
[Black "Mcphillips Karl (IRL)"]
[Result "1-0"]
[WhiteElo "2365"]
[BlackElo "2240"]

1.c4 e5 2.g3 Nc6 3.Bg2 g6 4.Nc3 Bg7 5.d3 d6 6.Rb1 a5 7.a3 f5 8.b4 axb4 9.axb4
Nf6 10.Bg5 Ne7 11.Nf3 h6 12.Bxf6 Bxf6 13.Qc1 O-O 14.O-O Bg7 15.Nd2 c6 16.Nb3
d5 17.cxd5 cxd5 18.Nb5 Bd7 19.Nc3 e4 20.d4 Qb6 21.Nc5 Bb5 22.Rd1 Rfc8 23.Bf1
Bc4 24.e3 Bxf1 25.Rxf1 Qc7 26.Ra1 Rxa1 27.Qxa1 g5 28.Qa2 Qc6 29.b5 Qd6 30.Nxb7
Qd7 31.Nc5 Rxc5 32.dxc5 f4 33.Nxd5 Qxd5 34.Qxd5+ Nxd5 35.Rd1 fxe3 36.fxe3 Nxe3
37.Rd8+ Kf7 38.c6 Be5 39.b6 Ke7 40.c7 {#r} 1-0

[Event "It (open)"]
[Site "Recklinghausen (Germany)"]
[Date "2005.08.01"]
[Round "1"]
[White "Jungbluth Rolf (GER)"]
[Black "Savchenko Alekseij (GER)"]
[Result "0-1"]
[WhiteElo "2159"]
[BlackElo "2041"]

1.c4 e5 2.Nc3 Nc6 3.g3 d6 4.Bg2 g6 5.d3 Bg7 6.e4 Nge7 7.Nge2 Be6 8.Be3 Qd7
9.Qd2 a6 10.Bh6 O-O 11.Nd5 f5 12.f3 Nd4 13.Nxd4 exd4 14.Bxg7 Kxg7 15.O-O Bxd5
16.cxd5 c5 17.b4 b6 18.a4 Rac8 19.Qb2 Rb8 20.Rfc1 a5 21.b5 f4 22.Qd2 g5 23.Kf2
Ng6 24.Rg1 Kh8 25.Ke2 Ne5 26.Raf1 Qc8 27.Rc1 Rb7 28.h4 Rbf7 29.hxg5 fxg3
30.Qb2 Nxf3 31.Bxf3 Rxf3 32.Qxd4+ cxd4 33.Rxc8 Re3+ {#R} 0-1

[Event "It (open) (c)"]
[Site "Polanica Zdroj (Poland)"]
[Date "2005.08.19"]
[Round "1"]
[White "Graczyk Damian (POL)"]
[Black "Jaworska Aleksandra (POL)"]
[Result "1-0"]
[WhiteElo "2004"]
[BlackElo "1621"]

1.c4 e5 2.Nc3 Nc6 3.g3 g6 4.Bg2 Bg7 5.d3 d6 6.Bd2 f5 7.a3 Nge7 8.b4 a6 9.Rb1
O-O 10.e3 Na7 11.Nge2 Rb8 12.b5 axb5 13.Nxb5 Nxb5 14.Rxb5 b6 15.O-O Bb7
16.Bxb7 Rxb7 17.Qb3 Kh8 18.Rb1 Qa8 19.Qa2 Ra7 20.R5b3 Qf3 21.Nc3 g5 22.Nb5 Rb7
23.d4 f4 24.exf4 gxf4 25.Rxf3 {#r} 1-0

[Event "It (open)"]
[Site "Marin (Spain)"]
[Date "2005.08.26"]
[Round "6"]
[White "Dimitrov Vladimir (BUL)"]
[Black "Sanchez Juncal Benito (ESP)"]
[Result "1-0"]
[WhiteElo "2446"]
[BlackElo "2221"]

1.c4 e5 2.g3 Nc6 3.Bg2 g6 4.Nc3 Bg7 5.d3 d6 6.Rb1 f5 7.e3 Nf6 8.Nge2 O-O 9.O-O
Rb8 10.b3 h6 11.Qd2 Ne7 12.f4 g5 13.d4 gxf4 14.exf4 e4 15.d5 h5 16.Nd1 Kf7
17.Ne3 Rh8 18.h4 Rh6 19.Bh3 b6 20.Bb2 Qh8 21.Nd4 Ng4 22.Bxg4 hxg4 23.Nb5 Rb7
24.Bxg7 Qxg7 25.b4 Bd7 26.Rb3 a6 27.Nd4 Rh8 28.Rc1 Rhb8 29.c5 bxc5 30.bxc5 Qf6
31.Rxb7 Rxb7 32.c6 {#r} 1-0

[Event "It (open) (active)"]
[Site "Vlaardingen (Netherlands)"]
[Round "6"]
[White "Welling Gerard (NED)"]
[Black "Carlier Bruno (NED)"]
[Result "0-1"]
[WhiteElo "2399"]
[BlackElo "2464"]

1.g3 g6 2.Bg2 Bg7 3.c4 e5 4.Nc3 d6 5.d3 Nc6 6.Rb1 a5 7.a3 Nf6 8.Bg5 h6 9.Bxf6
Bxf6 10.Nf3 Bg7 11.O-O O-O 12.b4 axb4 13.axb4 Nd4 14.b5 Bg4 15.e3 Nxf3+
16.Bxf3 Bxf3 17.Qxf3 Ra3 18.Nd5 Qd7 19.Rfd1 f5 20.Nb4 f4 21.Qxb7 f3 22.Kh1 Kh7
23.Rg1 Rf7 24.Qe4 h5 25.Nd5 Ra2 26.Rbf1 Qg4 27.Nc3 Rc2 28.Qxg4 hxg4 29.Ne4 Bh6
30.Ra1 Kg7 31.Ra7 Re2 32.Rf1 Rb2 33.h3 gxh3 34.Kh2 Bxe3 35.Kxh3 Bxa7 {#R} 0-1

[Event "It (open) \"]
[Site "Lausanne (Switzerland)"]
[Date "2005.09.16"]
[Round "1"]
[White "Miezis Normunds (LAT)"]
[Black "Mouquin Victor (SUI)"]
[Result "1-0"]
[WhiteElo "2470"]
[BlackElo "1981"]

1.c4 e5 2.Nc3 Nc6 3.g3 g6 4.Bg2 Bg7 5.d3 d6 6.e4 f5 7.h4 Nf6 8.h5 fxe4 9.h6
Bf8 10.dxe4 Be6 11.Nd5 Be7 12.Ne2 O-O 13.f3 Nh5 14.Be3 Bg5 15.Qd2 Bxe3 16.Qxe3
Ne7 17.b3 a5 18.Rd1 Nf6 19.Nxf6+ Rxf6 20.Qg5 Rf8 21.Qc1 Nc6 22.Qc3 b6 23.f4
Qf6 24.f5 Bd7 25.g4 Qg5 26.Bf3 Ne7 27.Qd2 Qxd2+ 28.Kxd2 Kf7 29.Ke3 g5 30.Nc3
Rac8 31.a3 Ng8 32.Rh5 Bc6 33.Rxg5 Nxh6 34.Rh1 Kf6 35.Rgh5 Nf7 36.Rxh7 Rh8
37.g5+ {#r} 1-0

[Event "Ch Spain (juniors) (under 18)"]
[Site "Mondariz (Spain)"]
[Date "2005.09.27"]
[Round "1"]
[White "Cuenca Jimenez Jose (ESP)"]
[Black "Pascual Palomo Lucia (ESP)"]
[Result "1-0"]
[WhiteElo "2406"]
[BlackElo "2109"]

1.c4 e5 2.g3 Nc6 3.Bg2 g6 4.Nc3 Bg7 5.d3 d6 6.e3 f5 7.Nge2 Nf6 8.O-O O-O 9.Rb1
h6 10.b4 Ne7 11.f4 c6 12.b5 g5 13.bxc6 bxc6 14.Qa4 Qe8 15.Qb4 exf4 16.exf4 c5
17.Qa3 Nc6 18.fxg5 hxg5 19.Bxg5 Ng4 20.Qc1 Bd7 21.Qd2 Qh5 22.h3 Nge5 23.Be3
Rae8 24.Nf4 Qh7 25.Nce2 Ng6 26.Rb7 Nxf4 27.Bxf4 Nd4 28.Nxd4 Bxd4+ 29.Kh2 Rf7
30.Re1 Rfe7 31.Rxe7 Qxe7 32.Rxa7 Bf6 33.Ra8 {#r} 1-0

[Event "Ch Russia (students)"]
[Site "Nizhnij Tagil (Russia)"]
[Date "2005.10.08"]
[Round "5"]
[White "Alimova Olga (RUS)"]
[Black "Vafin Niaz (RUS)"]
[Result "0-1"]
[WhiteElo "2080"]
[BlackElo "2256"]

1.c4 e5 2.Nc3 Nc6 3.g3 g6 4.Bg2 Bg7 5.d3 d6 6.e4 f5 7.Nge2 Nf6 8.O-O O-O 9.h3
Be6 10.Nd5 fxe4 11.dxe4 Ne7 12.Nec3 c6 13.Nxf6+ Bxf6 14.b3 Qd7 15.Kh2 Bg7
16.Ba3 Rad8 17.Qd2 c5 18.Rad1 Nc6 19.Bc1 a6 20.Qd3 Nd4 21.Nd5 b5 22.f4 bxc4
23.Qxc4 Qb5 24.Qd3 Qxd3 25.Rxd3 a5 26.Be3 Rb8 27.Bxd4 exd4 28.Ne7+ Kh8 29.f5
Bd7 30.fxg6 Rfe8 31.Rf7 Be6 32.Nc6 Rb6 33.Rc7 hxg6 34.Re7 Rxe7 35.Nxe7 c4
36.bxc4 Bxc4 37.Rf3 d3 38.Nd5 Rb1 {#R} 0-1

[Event "It (b)"]
[Site "Skanderborg (Denmark)"]
[Date "2005.10.17"]
[Round "4"]
[White "Berg Klaus (DEN)"]
[Black "Skovgaard Peter (DEN)"]
[Result "1-0"]
[WhiteElo "2402"]
[BlackElo "2186"]

1.c4 e5 2.Nc3 Nc6 3.g3 g6 4.Bg2 Bg7 5.d3 d6 6.e3 f5 7.Nge2 Nf6 8.Rb1 Be6 9.Nd5
O-O 10.O-O Qd7 11.b4 Nh5 12.b5 Nd8 13.Qa4 Nf7 14.Bd2 e4 15.Nd4 Bxd4 16.exd4
Bxd5 17.cxd5 exd3 18.Qc4 f4 19.Rfe1 Ng5 20.Re6 Nxe6 21.dxe6 Qe7 22.Bxb7 Rad8
23.Re1 fxg3 24.fxg3 Kh8 25.Bg2 Ng7 26.d5 Kg8 27.Qxd3 Nf5 28.Bc3 Rde8 29.g4 Ng7
30.Qd4 g5 31.h3 Rf4 32.Qxa7 Ref8 33.b6 Rc4 34.Ba1 Rb4 35.Rc1 Nxe6 36.dxe6 Qxe6
37.Qxc7 Qe3+ 38.Kh1 Rf7 39.Qd8+ {#r} 1-0

[Event "Landesliga 2005/06"]
[Site "Mecklenburg-Vorpommern (Germany)"]
[Date "2005.10.23"]
[Round "1"]
[White "Mehl Ronald (GER)"]
[Black "Ruesch Hans-Joachim (GER)"]
[Result "1-0"]
[WhiteElo "2065"]
[BlackElo "2220"]

1.c4 g6 2.Nc3 Bg7 3.g3 e5 4.Bg2 Nc6 5.d3 d6 6.Nf3 Nf6 7.O-O O-O 8.a3 Bf5 9.e4
Be6 10.h3 h6 11.Be3 Qd7 12.Kh2 Kh7 13.Nh4 Ng8 14.Qd2 Nce7 15.f4 exf4 16.gxf4
c6 17.f5 gxf5 18.exf5 Nxf5 19.Nxf5 Be5+ 20.Ng3 Ne7 21.d4 Bxg3+ 22.Kxg3 d5
23.Kh2 Rg8 24.cxd5 cxd5 25.Rf6 Rg6 26.Rxg6 Nxg6 27.Qf2 f5 28.Bf4 Rg8 29.Re1
Qg7 30.Rg1 Qf7 31.Ne2 Rc8 32.Rc1 Rc6 33.Rxc6 bxc6 34.Bf3 Qb7 35.b4 Bf7 36.Bh5
a6 37.Bxg6+ Bxg6 38.Qh4 Qg7 39.Be5 Qf7 40.Nf4 {#r} 1-0

[Event "Ch Slovenia (team) (2 liga) East"]
[Site "Slovenia"]
[Date "2005.11.23"]
[Round "8"]
[White "Penko Igor (SLO)"]
[Black "Zalokar Uros"]
[Result "1-0"]
[WhiteElo "2223"]
[BlackElo "2243"]

1.c4 g6 2.Nc3 Bg7 3.g3 d6 4.Bg2 e5 5.d3 Nc6 6.Rb1 a5 7.a3 Nh6 8.b4 axb4 9.axb4
Nd4 10.e3 Ne6 11.Nf3 f5 12.Bb2 O-O 13.O-O g5 14.h4 Ng4 15.hxg5 Nxg5 16.Nh4 f4
17.exf4 exf4 18.Nd5 fxg3 19.fxg3 c6 20.Bxg7 Kxg7 21.Rxf8 Qxf8 22.Qd2 Qd8
23.Nf4 Ne5 24.Rf1 Bg4 25.Qc3 Kh6 26.d4 Nd7 27.Qd3 Qb6 28.Nf5+ Bxf5 29.Qxf5
Qxd4+ 30.Kh2 Nf6 31.Ne6 Ng4+ 32.Qxg4 Qxg4 33.Rf6+ {#r} 1-0

[Event "It (open)"]
[Site "Selestat (France)"]
[Round "2"]
[White "Ricter Jean-Paul (FRA)"]
[Black "Dgebuadze Alexandre (BEL)"]
[Result "0-1"]
[WhiteElo "2180"]
[BlackElo "2527"]

1.c4 e5 2.Nc3 Nc6 3.g3 g6 4.Bg2 Bg7 5.d3 d6 6.e3 Be6 7.Nge2 Qd7 8.Nd5 Nd8 9.e4
c6 10.Ne3 Bh3 11.Bf3 h5 12.d4 exd4 13.Nxd4 Nh6 14.Qd3 O-O 15.Bd2 c5 16.Nb5 Nc6
17.Qxd6 Qxd6 18.Nxd6 Bxb2 19.Rb1 Bg7 20.Nd5 Nd4 21.Be2 b6 22.Nf4 Bg4 23.h3
Bxe2 24.Nxe2 Nf3+ 25.Kd1 Nxd2 {#R} 0-1